Pet Sounds - The Beach Boys - Statistics

General Stats
  • This quiz has been taken 123 times
  • The average score is 10 of 13
Answer Stats
Answer % Correct
Wouldn't It Be Nice
98%
God Only Knows
94%
Pet Sounds
92%
Caroline, No
91%
Sloop John B
87%
I Know There's An Answer
78%
Let's Go Away For A While
74%
That's Not Me
72%
You Still Believe In Me
71%
Don't Talk (Put Your Head On My Shoulder)
70%
I Just Wasn't Made For These Times
70%
Here Today
67%
I'm Waiting For The Day
63%
No matching quizzes found
Score Distribution
Percent of People with Each Score
Percentile by Number Answered
Your Score History
You have not taken this quiz